Eragon's guide to Alagaësia / (Record no. 1578)

MARC details
000 -LEADER
fixed length control field 01156nam a22003377a 4500
005 - DATE AND TIME OF LATEST TRANSACTION
control field 20240508114815.0
020 ## - INTERNATIONAL STANDARD BOOK NUMBER
International Standard Book Number 9780375858239
020 ## - INTERNATIONAL STANDARD BOOK NUMBER
International Standard Book Number 0375858237
040 ## - CATALOGING SOURCE
Original cataloging agency BTCTA
Transcribing agency BTCTA
Modifying agency CXP
-- B2A
-- DPL
-- SRC
-- VP@
-- GDK
-- DLC
-- FISKH
Language of cataloging eng
050 00 - LIBRARY OF CONGRESS CALL NUMBER
Classification number PZ7.P19535
Item number Ers 2009
082 00 - DEWEY DECIMAL CLASSIFICATION NUMBER
Classification number [Fic]
Edition number 22
100 1# - MAIN ENTRY--PERSONAL NAME
Personal name Paolini, Christopher.
245 10 - TITLE STATEMENT
Title Eragon's guide to Alagaësia /
Statement of responsibility, etc. Christopher Paolini ; illustrated by Fred Gambino ... [et al.].
246 30 - VARYING FORM OF TITLE
Title proper/short title Guide to Alagaësia
250 ## - EDITION STATEMENT
Edition statement 1st ed.
260 ## - PUBLICATION, DISTRIBUTION, ETC.
Place of publication, distribution, etc. New York :
Name of publisher, distributor, etc. Alfred A. Knopf,
Date of publication, distribution, etc. 2009.
300 ## - PHYSICAL DESCRIPTION
Extent 30 unnumbered pages :
Other physical details color illustrations, map ;
Dimensions 27 x 31 cm.
520 ## - SUMMARY, ETC.
Summary, etc. An introduction to the fictional world of the people, places, and things, of Alagaësia.
650 #0 - SUBJECT ADDED ENTRY--TOPICAL TERM
Topical term or geographic name entry element Dragons
Form subdivision Juvenile fiction.
650 #0 - SUBJECT ADDED ENTRY--TOPICAL TERM
Topical term or geographic name entry element Toy and movable books
Form subdivision Specimens.
650 #1 - SUBJECT ADDED ENTRY--TOPICAL TERM
Topical term or geographic name entry element Fantasy.
650 #1 - SUBJECT ADDED ENTRY--TOPICAL TERM
Topical term or geographic name entry element Dragons
Form subdivision Fiction.
650 #1 - SUBJECT ADDED ENTRY--TOPICAL TERM
Topical term or geographic name entry element Lift-the-flap books.
650 #1 - SUBJECT ADDED ENTRY--TOPICAL TERM
Topical term or geographic name entry element Textured books.
650 #1 - SUBJECT ADDED ENTRY--TOPICAL TERM
Topical term or geographic name entry element Toy and movable books.
655 #7 - INDEX TERM--GENRE/FORM
Genre/form data or focus term Fantasy fiction.
Source of term gsafd
700 1# - ADDED ENTRY--PERSONAL NAME
Personal name Gambino, Fred.
906 ## - LOCAL DATA ELEMENT F, LDF (RLIN)
a 7
b cbc
c copycat
d 2
e ncip
f 20
g y-gencatlg
942 ## - ADDED ENTRY ELEMENTS (KOHA)
Source of classification or shelving scheme Dewey Decimal Classification
Koha item type Books
Suppress in OPAC No
999 ## -
-- 1578
-- 1578
Holdings
Withdrawn status Lost status Source of classification or shelving scheme Damaged status Not for loan Collection Home library Current library Shelving location Date acquired Total Checkouts Full call number Barcode Date last seen Date last checked out Copy number Price effective from Koha item type
    Dewey Decimal Classification     Fiction Footprints International School Library Network Toul Kork Campus Footprints International School Library Network Toul Kork Campus A TK Campus, 4th Floor, Room B401, Fiction Bookcases (1-6) 09/07/2023 1 PAO 813.6 PZ7.P19535 2023-0529 09/25/2023 09/07/2023 1 09/07/2023 Books
    Dewey Decimal Classification     Fiction Footprints International School Library Network Toul Kork Campus Footprints International School Library Network Toul Kork Campus A TK Campus, 4th Floor, Room B401, Fiction Bookcases (1-6) 08/27/2025   PAO 813.6 PZ7.P19535 2025-4262 08/27/2025   5 08/27/2025 Books
    Dewey Decimal Classification     Fiction Footprints International School Library Network Toul Tom Poung Campus Footprints International School Library Network Toul Tom Poung Campus TTP Secondary Fiction Bookshelves 09/07/2023 2 PAO 813.6 PZ7.P19535 2023-0530 03/11/2025 03/11/2025 2 09/07/2023 Books
    Dewey Decimal Classification     Fiction Footprints International School Library Network Toul Tom Poung Campus Footprints International School Library Network Toul Tom Poung Campus TTP Secondary Fiction Bookshelves 09/07/2023 2 PAO 813.6 PZ7.P19535 2023-0531 11/10/2025 10/31/2025 3 09/07/2023 Books
    Dewey Decimal Classification     Fiction Footprints International School Library Network Toul Tom Poung Campus Footprints International School Library Network Toul Tom Poung Campus TTP Secondary Fiction Bookshelves 09/07/2023   PAO 813.6 PZ7.P19535 2025-1423 05/28/2025   4 09/07/2023 Books